Music Quiz

Random Music or Song Quiz

Disney Song With No Hint IV Quiz Stats

Quiz not verified by Sporcle

Challenge
Share
Tweet
Embed
Score 0/151 Timer 04:00
0 Plays Today
Answer % Correct
I
97.8%
I
97.8%
I
97.8%
a
96.7%
a
96.7%
a
96.7%
a
96.7%
the
93.4%
the
93.4%
the
93.4%
the
93.4%
the
93.4%
the
93.4%
the
93.4%
the
93.4%
the
93.4%
the
93.4%
the
93.4%
the
93.4%
the
92.3%
you
89%
you
89%
you
89%
be
81.3%
and
79.1%
and
79.1%
and
79.1%
to
78%
to
78%
TO
78%
can
74.7%
can
74.7%
We
72.5%
We
72.5%
We
72.5%
is
71.4%
is
71.4%
in
70.3%
in
70.3%
in
70.3%
in
70.3%
what
65.9%
of
63.7%
of
63.7%
of
63.7%
of
63.7%
of
63.7%
of
63.7%
of
63.7%
you're
61.5%
so
61.5%
Answer % Correct
it's
61.5%
it's
61.5%
SO
61.5%
YOU'RE
61.5%
if
60.4%
there!
59.3%
where
58.2%
Where
58.2%
for
58.2%
where
58.2%
that
57.1%
that
57.1%
see.
56%
have
51.6%
don't
50.5%
all
48.4%
all
48.4%
all;
48.4%
am
47.3%
like
46.2%
one.
46.2%
like
46.2%
Now
41.8%
But
38.5%
their
36.3%
get
35.2%
get
35.2%
Here
34.1%
out
34.1%
with
34.1%
you've
31.9%
you've
31.9%
won't
31.9%
you've
31.9%
that's
28.6%
GOING
28.6%
place
23.1%
place
23.1%
we've
22%
seen
22%
heard
20.9%
heard
20.9%
walk;
20.9%
around
20.9%
over
19.8%
because
19.8%
Paris
18.7%
Court
18.7%
Miracles;
18.7%
blind
18.7%
dead
18.7%
Answer % Correct
talk;
18.7%
found.
18.7%
Court
18.7%
Miracles
18.7%
miracle
18.7%
Court
18.7%
Miracles,
18.7%
(Wait,
18.7%
find
18.7%
which
18.7%
reveal
17.6%
alive!
17.6%
Maybe
16.5%
terrible
16.5%
Maybe
16.5%
called
16.5%
lame
16.5%
judge
16.5%
really
16.5%
scoundrels
15.4%
collect
15.4%
mythical
15.4%
hello,
15.4%
hornets
15.4%
hive.
15.4%
object!
15.4%
object!
15.4%
worst
15.4%
crime
15.4%
lair.
14.3%
method
14.3%
spies
14.3%
intruders,
14.3%
rather
14.3%
protecting
14.3%
Justice
14.3%
swift
14.3%
lawyers
14.3%
sentence
14.3%
fun!
14.3%
Quiet!
14.3%
Dang.)
14.3%
totally
14.3%
innocent,
14.3%
HANG!
14.3%
trial
13.2%
quickly,
13.2%
Overruled!
13.2%
evidence,
12.1%

You're not logged in!

Compare scores with friends on all Sporcle quizzes.
Join for Free
OR
Log In

You Might Also Like...

Show Comments

Extras

Top Quizzes Today


Score Distribution

Your Account Isn't Verified!

In order to create a playlist on Sporcle, you need to verify the email address you used during registration. Go to your Sporcle Settings to finish the process.

Report this User

Report this user for behavior that violates our Community Guidelines.

Details: